000 00341nam a2200145Ia 4500
008 230312s9999||||xx |||||||||||||| ||und||
020 _a0-7897-2444-8
082 _a006.78
_bPLA-U
100 _aUlrich;Laurie
245 0 _aMicrosoft Office 2003
260 _bQue
_aUSA
_c2001
300 _a606
650 _aComputer
_vComputer
942 _cBK
999 _c15572
_d15572